Medallero de los Juegos Olímpicos - Río de Janeiro 2016 - Estadísticas

Estadísticas generales
  • Esta prueba ha sido intentada 30 veces
  • La puntuación promedio es 9 de 10
Estadísticas de respuestas
Oro Plata Bronce Total País % Correcto
26 18 26 70 China
96%
46 37 38 121 Estados Unidos
96%
10 18 14 42 Francia
93%
12 8 21 41 Japón
93%
27 23 17 67 Reino Unido
93%
19 18 19 56 Rusia
93%
17 10 15 42 Alemania
89%
8 11 10 29 Australia
86%
4 3 15 22 Canadá
82%
8 12 8 28 Italia
82%
No se encontraron pruebas coincidentes
Distribución de puntuación
Porcentaje de gente con cada puntuación
Porcentaje por número respondido
Historial de tus puntuaciones
No has intentado esta prueba.